[Event "Titled Tuesday intern op 20th May Late"]
[Site "Chess.com INT"]
[Date "2025.05.20"]
[Round "9"]
[White "Jacobsen, Mikkel Manosri"]
[Black "Kushko, Dmitriy"]
[Result "0-1"]
[WhiteElo "2223"]
[BlackElo "2454"]
[PlyCount "46"]
[EventDate "2025.05.20"]
[EventType "swiss (blitz)"]
[EventRounds "11"]
[EventCountry "USA"]
[SourceTitle "CB22_2025"]
[SourceDate "2025.05.28"]
[SourceVersion "1"]
[SourceVersionDate "2025.05.28"]
[SourceQuality "1"]

1. d4 f5 2. Nf3 Nf6 3. Bf4 d6 4. e3 g6 5. h3 Bg7 6. Be2 0-0 7. 0-0 Qe8 8. c4 Ne4 9. Nfd2 e5 10. Bh2 exd4 11. Nxe4 fxe4 12. exd4 Nc6 13. d5 Bxb2 14. Nd2 Bxa1 15. Qxa1 e3 16. Nf3 Ne7 17. fxe3 Nf5 18. Bf4 Nxe3 19. Bh6 Rf7 20. Re1 Nc2 21. Bd3 Qxe1+ 22. Qxe1 Nxe1 23. Nxe1 Bf5 0-1

[Event "Titled Tuesday intern op 20th May Late"]
[Site "Chess.com INT"]
[Date "2025.05.20"]
[Round "3"]
[White "Kushko, Dmitriy"]
[Black "Naroditsky, Daniel"]
[Result "0-1"]
[WhiteElo "2454"]
[BlackElo "2619"]
[PlyCount "78"]
[EventDate "2025.05.20"]
[EventType "swiss (blitz)"]
[EventRounds "11"]
[EventCountry "USA"]
[SourceTitle "CB22_2025"]
[SourceDate "2025.05.28"]
[SourceVersion "1"]
[SourceVersionDate "2025.05.28"]
[SourceQuality "1"]

1. g3 e5 2. c4 c6 3. Nf3 e4 4. Nd4 d5 5. cxd5 Qxd5 6. Nc2 Nf6 7. Nc3 Qe5 8. Bg2 Bc5 9. Ne3 0-0 10. Qc2 Re8 11. Ncd5 cxd5 12. Qxc5 Na6 13. Qa3 d4 14. Nc4 Qh5 15. Nd6 d3 16. 0-0 dxe2 17. Re1 Bg4 18. Nxe8 Rxe8 19. d3 Bf3 20. dxe4 Bxe4 21. Bxe4 Rxe4 22. f3 Re6 23. Qd3 Re7 24. Rxe2 Rd7 25. Re8+ Nxe8 26. Qxd7 Qc5+ 27. Kg2 Qe5 28. Bf4 Qe2+ 29. Kh3 Nc5 30. Qc8 Nd3 31. Qf5 Nf2+ 32. Kh4 Qe7+ 33. Bg5 f6 34. Qd5+ Kh8 35. Bd2 g5+ 36. Kh5 Ng7+ 37. Kh6 Qf8 38. Bb4 Nf5+ 39. Kh5 Qh6# 0-1

[Event "Titled Tuesday intern op 20th May Late"]
[Site "Chess.com INT"]
[Date "2025.05.20"]
[Round "10"]
[White "Kushko, Dmitriy"]
[Black "Thorhallsson, Simon"]
[Result "0-1"]
[WhiteElo "2454"]
[BlackElo "2218"]
[PlyCount "100"]
[EventDate "2025.05.20"]
[EventType "swiss (blitz)"]
[EventRounds "11"]
[EventCountry "USA"]
[SourceTitle "CB22_2025"]
[SourceDate "2025.05.28"]
[SourceVersion "1"]
[SourceVersionDate "2025.05.28"]
[SourceQuality "1"]

1. d3 g6 2. g3 Bg7 3. Bg2 c5 4. e4 Nc6 5. Nf3 d6 6. 0-0 Nf6 7. c3 0-0 8. Re1 e5 9. a3 h6 10. b4 a6 11. Be3 b6 12. h3 Bb7 13. Ra2 d5 14. bxc5 d4 15. cxd4 exd4 16. Bf4 bxc5 17. Rc2 Qe7 18. Qc1 g5 19. Bd2 Nd7 20. h4 g4 21. Nh2 Nce5 22. Bf1 f5 23. exf5 Qf6 24. Bf4 Qxf5 25. Bxh6 Nf3+ 26. Nxf3 Qxf3 27. Re4 Bxe4 28. dxe4 Qf6 29. Bc4+ Kh8 30. Bg5 Qg6 31. Nd2 Ne5 32. Bd5 Rac8 33. Rxc5 Nd3 34. Rxc8 Nxc1 35. Rxc1 d3 36. Be3 Bh6 37. Nc4 Bxe3 38. Nxe3 Qf6 39. Nxg4 Qb2 40. Rd1 Qe2 41. Bb3 Qxg4 42. e5 Qe2 43. e6 Qxf2+ 44. Kh1 Qf3+ 45. Kh2 Qe2+ 46. Kh3 Rf2 47. Rh1 d2 48. e7 Qxe7 49. Rd1 Qd7+ 50. g4 Qd3# 0-1

[Event "Titled Tuesday intern op 20th May Late"]
[Site "Chess.com INT"]
[Date "2025.05.20"]
[Round "8"]
[White "Toncheva, Nadya"]
[Black "Kushko, Dmitriy"]
[Result "1-0"]
[WhiteElo "2332"]
[BlackElo "2454"]
[PlyCount "109"]
[EventDate "2025.05.20"]
[EventType "swiss (blitz)"]
[EventRounds "11"]
[EventCountry "USA"]
[SourceTitle "CB22_2025"]
[SourceDate "2025.05.28"]
[SourceVersion "1"]
[SourceVersionDate "2025.05.28"]
[SourceQuality "1"]

1. e4 d6 2. d4 Nf6 3. Nc3 g6 4. Be3 c6 5. f3 b5 6. Qd2 Nbd7 7. h4 Nb6 8. g4 h5 9. g5 Nfd7 10. Nh3 a5 11. Nf2 Bg7 12. Bd3 e5 13. d5 cxd5 14. Nxd5 Nxd5 15. exd5 e4 16. Nxe4 Ne5 17. Qe2 Nxd3+ 18. Qxd3 0-0 19. Bd4 Be5 20. f4 Bxd4 21. Qxd4 Re8 22. 0-0-0 Rxe4 23. Qxe4 Bf5 24. Qd4 Rc8 25. Rd2 Rc4 26. Qe3 Qc7 27. Rhh2 b4 28. Rhe2 Re4 29. Qf2 Qc4 30. Rxe4 Bxe4 31. Rd4 Qc5 32. Qd2 Bf5 33. c3 Qb5 34. c4 Qa4 35. b3 Qe8 36. Kb2 a4 37. Qxb4 Qe3 38. Qd2 Qf3 39. bxa4 Qf1 40. Ka3 Qb1 41. Qb2 Qg1 42. a5 Qe3+ 43. Kb4 Qe1+ 44. Kb5 Qe8+ 45. Kb4 Qe1+ 46. Qc3 Qb1+ 47. Qb3 Qe1+ 48. Kb5 Bd7+ 49. Kb6 Qe8 50. a6 Qd8+ 51. Ka7 Qc7+ 52. Qb7 Qc5+ 53. Qb6 Qa3 54. Kb8 Qe3 55. Qd8+ 1-0

[Event "Titled Tuesday intern op 06th May Early"]
[Site "Chess.com INT"]
[Date "2025.05.06"]
[Round "4"]
[White "Janaszak, Dawid"]
[Black "Kushko, Dmitriy"]
[Result "1-0"]
[WhiteElo "2306"]
[BlackElo "2454"]
[PlyCount "67"]
[EventDate "2025.05.06"]
[EventType "swiss (blitz)"]
[EventRounds "11"]
[EventCountry "USA"]
[SourceTitle "CB20_2025"]
[SourceDate "2025.05.14"]
[SourceVersion "1"]
[SourceVersionDate "2025.05.14"]
[SourceQuality "1"]

1. e4 c5 2. Nc3 Nc6 3. Bb5 Nd4 4. Nf3 Nxb5 5. Nxb5 d6 6. d4 a6 7. Nc3 cxd4 8. Qxd4 e5 9. Qb4 h6 10. Be3 Nf6 11. 0-0-0 Qc7 12. Bb6 Qc6 13. Nd5 Nxd5 14. exd5 Qb5 15. Qxb5+ axb5 16. a3 Bf5 17. Rhe1 Be7 18. Nxe5 Ra6 19. Bd4 b4 20. Nc4 bxa3 21. Nxa3 Kd7 22. c3 b5 23. Nxb5 Ra1+ 24. Kd2 Ra2 25. c4 Rha8 26. f4 g5 27. g3 gxf4 28. gxf4 Bh4 29. Rf1 h5 30. Bc3 Rg8 31. Rg1 Re8 32. Nd4 Bg4 33. Ra1 Rc8 34. Rxa2 1-0

[Event "Titled Tuesday intern op 06th May Early"]
[Site "Chess.com INT"]
[Date "2025.05.06"]
[Round "10"]
[White "Kalyani, Sirin"]
[Black "Kushko, Dmitriy"]
[Result "1-0"]
[WhiteElo "2136"]
[BlackElo "2454"]
[PlyCount "79"]
[EventDate "2025.05.06"]
[EventType "swiss (blitz)"]
[EventRounds "11"]
[EventCountry "USA"]
[SourceTitle "CB20_2025"]
[SourceDate "2025.05.14"]
[SourceVersion "1"]
[SourceVersionDate "2025.05.14"]
[SourceQuality "1"]

1. e4 c5 2. Nf3 e6 3. b3 a6 4. Bb2 d5 5. exd5 exd5 6. d4 Nf6 7. Bd3 Be7 8. dxc5 Bxc5 9. 0-0 0-0 10. h3 Nc6 11. Nc3 Be6 12. Ng5 h6 13. Nxe6 fxe6 14. Na4 Ba7 15. Ba3 Rf7 16. Bg6 Rc7 17. Qe2 Nd4 18. Qe5 Rxc2 19. Bxc2 Nxc2 20. Qxe6+ Kh8 21. Be7 Qe8 22. Rac1 Nd4 23. Qe1 Ne4 24. Bc5 Nf3+ 25. gxf3 Qg6+ 26. Kh1 Qf5 27. Bxa7 Ng5 28. Rc3 Rxa7 29. f4 Ne4 30. Re3 Qxf4 31. Nb6 Nf6 32. Re8+ Nxe8 33. Qxe8+ Kh7 34. Qe2 a5 35. Qe3 Qf5 36. Rd1 Ra6 37. Nxd5 Re6 38. Qd3 Re4 39. Nc3 Re1+ 40. Kg2 1-0

[Event "Titled Tuesday intern op 06th May Early"]
[Site "Chess.com INT"]
[Date "2025.05.06"]
[Round "5"]
[White "Kushko, Dmitriy"]
[Black "Parfenov, Viktor N"]
[Result "1-0"]
[WhiteElo "2454"]
[BlackElo "2193"]
[PlyCount "49"]
[EventDate "2025.05.06"]
[EventType "swiss (blitz)"]
[EventRounds "11"]
[EventCountry "USA"]
[SourceTitle "CB20_2025"]
[SourceDate "2025.05.14"]
[SourceVersion "1"]
[SourceVersionDate "2025.05.14"]
[SourceQuality "1"]

1. g3 d5 2. Nf3 Nc6 3. d3 e5 4. a3 Nf6 5. Bg2 Be7 6. 0-0 h6 7. b4 e4 8. Nfd2 exd3 9. cxd3 a6 10. Bb2 0-0 11. Nb3 Bg4 12. N1d2 Qd7 13. Re1 Bh3 14. Bh1 Qf5 15. Rc1 Qh5 16. Nf3 Ng4 17. Nc5 Bxc5 18. Rxc5 Rad8 19. Qc1 Rfe8 20. Qf4 Rd7 21. a4 Rde7 22. Qd2 a5 23. bxa5 Re6 24. e3 d4 25. Rxh5 1-0

[Event "Titled Tuesday intern op 06th May Early"]
[Site "Chess.com INT"]
[Date "2025.05.06"]
[Round "1"]
[White "Modric, Nesa"]
[Black "Kushko, Dmitriy"]
[Result "0-1"]
[WhiteElo "2088"]
[BlackElo "2454"]
[PlyCount "72"]
[EventDate "2025.05.06"]
[EventType "swiss (blitz)"]
[EventRounds "11"]
[EventCountry "USA"]
[SourceTitle "CB20_2025"]
[SourceDate "2025.05.14"]
[SourceVersion "1"]
[SourceVersionDate "2025.05.14"]
[SourceQuality "1"]

1. d4 Nf6 2. Bg5 d5 3. Bxf6 exf6 4. e3 Be6 5. Nf3 Bd6 6. Nbd2 0-0 7. c4 c6 8. Qc2 Re8 9. Bd3 g6 10. c5 Bc7 11. b4 a6 12. 0-0 f5 13. a4 Nd7 14. b5 a5 15. b6 Bb8 16. g3 Nf6 17. Nb3 Ne4 18. Nfd2 h5 19. Nxe4 fxe4 20. Be2 h4 21. Qd2 Qg5 22. Kg2 Qf5 23. Rg1 hxg3 24. fxg3 Kg7 25. Raf1 Qh3+ 26. Kh1 Rh8 27. Rf2 Bxg3 28. Rxg3 Qxg3 29. Bf1 Bg4 30. Nc1 Bf3+ 31. Rxf3 exf3 32. Nd3 Rxh2+ 33. Qxh2 Rh8 34. Qxh8+ Kxh8 35. Nf4 f2 36. Ng2 Qh3# 0-1

[Event "Titled Tuesday intern op 25th Mar Early"]
[Site "Chess.com INT"]
[Date "2025.03.25"]
[Round "5"]
[White "Kushko, Dmitriy"]
[Black "Campos Gomez, Manuel"]
[Result "0-1"]
[WhiteElo "2454"]
[BlackElo "2339"]
[PlyCount "42"]
[EventDate "2025.03.25"]
[EventType "swiss (blitz)"]
[EventRounds "11"]
[EventCountry "USA"]
[SourceTitle "CB14_2025"]
[SourceDate "2024.11.01"]
[SourceVersion "1"]
[SourceVersionDate "2024.11.01"]
[SourceQuality "1"]

1. b3 e5 2. Bb2 Nc6 3. c4 Nf6 4. e3 d5 5. cxd5 Nxd5 6. a3 Be6 7. Qc2 Qd7 8. Nf3 f6 9. d3 0-0-0 10. Be2 g5 11. 0-0 h5 12. b4 h4 13. Nfd2 g4 14. Ne4 g3 15. Nc5 Bxc5 16. Qxc5 Rdg8 17. b5 Nb8 18. Nc3 b6 19. Qc4 Nf4 20. Qe4 Nxe2+ 21. Nxe2 Bd5 0-1

[Event "Titled Tuesday intern op 14th Jan Early"]
[Site "Chess.com INT"]
[Date "2025.01.14"]
[Round "5"]
[White "Kushko, Dmitriy"]
[Black "Carcamo, Matias"]
[Result "0-1"]
[WhiteElo "2449"]
[BlackElo "2084"]
[PlyCount "114"]
[EventDate "2025.01.14"]
[EventType "swiss (blitz)"]
[EventRounds "11"]
[EventCountry "USA"]
[SourceTitle "CB04_2025"]
[SourceDate "2025.01.22"]
[SourceVersion "1"]
[SourceVersionDate "2025.01.22"]
[SourceQuality "1"]

1. g3 c6 2. Bg2 d5 3. Nf3 Nf6 4. 0-0 Bg4 5. h3 Bh5 6. d4 Nbd7 7. c4 e6 8. cxd5 exd5 9. Nh4 Bg6 10. Nc3 Be7 11. f3 0-0 12. e4 dxe4 13. fxe4 Nb6 14. Be3 Nc4 15. Bf2 Nxb2 16. Qe2 Ba3 17. Nxg6 hxg6 18. Qc2 Nc4 19. Nb1 b5 20. Nxa3 Nxa3 21. Qxc6 Rc8 22. Qb7 Qa5 23. e5 Nh5 24. Qf3 Rc3 25. Qg4 Nc2 26. Rad1 Ne3 27. Bxe3 Rxe3 28. Rf3 Qc3 29. Rxe3 Qxe3+ 30. Kh2 Rd8 31. Qf3 Qg5 32. h4 Qe7 33. Qf2 f5 34. Bf3 Kh7 35. Bxh5 gxh5 36. Qxf5+ g6 37. Qe4 Qa3 38. Rd2 Qc3 39. Qd3 Qc6 40. Rf2 Qe6 41. Rf6 Qg4 42. Rf7+ Kg8 43. Rf4 Qe6 44. Rf6 Qxa2+ 45. Kh3 Rd7 46. Qxg6+ Rg7 47. Qe8+ Kh7 48. Qxh5+ Kg8 49. Qe8+ Kh7 50. Rf8 Rg8 51. Rxg8 Qxg8 52. Qxb5 Qe6+ 53. Kg2 Qa2+ 54. Kf3 Qa3+ 55. Kf4 Qc1+ 56. Kf5 Qf1+ 57. Ke6 Qxb5 0-1

[Event "Titled Tuesday intern op 14th Jan Early"]
[Site "Chess.com INT"]
[Date "2025.01.14"]
[Round "7"]
[White "Kushko, Dmitriy"]
[Black "Poltorak, Sebastian"]
[Result "0-1"]
[WhiteElo "2449"]
[BlackElo "2395"]
[PlyCount "80"]
[EventDate "2025.01.14"]
[EventType "swiss (blitz)"]
[EventRounds "11"]
[EventCountry "USA"]
[SourceTitle "CB04_2025"]
[SourceDate "2025.01.22"]
[SourceVersion "1"]
[SourceVersionDate "2025.01.22"]
[SourceQuality "1"]

1. g3 Nf6 2. Bg2 d5 3. Nf3 e6 4. 0-0 Be7 5. c4 0-0 6. b3 b6 7. Bb2 Bb7 8. e3 dxc4 9. bxc4 c5 10. Qe2 Nbd7 11. d3 Qc7 12. Nc3 Rad8 13. a4 Qb8 14. a5 bxa5 15. Rxa5 a6 16. Rd1 Qa8 17. Ne1 Bxg2 18. Nxg2 Ne5 19. f4 Nc6 20. Raa1 Nb4 21. g4 Rd7 22. g5 Ne8 23. Ne4 Qd8 24. Nf2 Nd6 25. Bc3 Nf5 26. Bxb4 cxb4 27. d4 a5 28. Ng4 b3 29. Ne5 Rb7 30. Nc6 Qc7 31. Nxa5 Rb4 32. Rdb1 Ra8 33. e4 Nxd4 34. Qd3 Rxa5 35. Kh1 Bc5 36. Ne3 Rxa1 37. Rxa1 b2 38. Rb1 Qxf4 39. Rf1 Qxf1+ 40. Qxf1 b1Q 0-1

[Event "Titled Tuesday intern op 14th Jan Early"]
[Site "Chess.com INT"]
[Date "2025.01.14"]
[Round "3"]
[White "Nakamura, Hikaru"]
[Black "Kushko, Dmitriy"]
[Result "1-0"]
[WhiteElo "2802"]
[BlackElo "2449"]
[PlyCount "61"]
[EventDate "2025.01.14"]
[EventType "swiss (blitz)"]
[EventRounds "11"]
[EventCountry "USA"]
[SourceTitle "CB04_2025"]
[SourceDate "2025.01.22"]
[SourceVersion "1"]
[SourceVersionDate "2025.01.22"]
[SourceQuality "1"]

1. b3 d5 2. Bb2 Bf5 3. d3 c5 4. Nd2 e6 5. g3 h6 6. e4 Bh7 7. Bg2 Nf6 8. Qe2 Be7 9. exd5 exd5 10. Bxf6 gxf6 11. Nh3 Nc6 12. Nf4 d4 13. Bxc6+ bxc6 14. 0-0 Qd7 15. Rfe1 Kf8 16. Ne4 f5 17. Nd2 Bd6 18. Qf3 Re8 19. Nc4 Bc7 20. Nh5 Re6 21. Nf4 Re8 22. Rxe8+ Qxe8 23. Kf1 Qb8 24. Re1 Bxf4 25. Qxf4 Qxf4 26. gxf4 Rg8 27. Nd6 Rg4 28. f3 Rxf4 29. Kg2 Rh4 30. Kg3 Rh5 31. f4 1-0

[Event "Titled Tuesday intern op 07th Jan Early"]
[Site "Chess.com INT"]
[Date "2025.01.07"]
[Round "3"]
[White "Jovic, Stanoje"]
[Black "Kushko, Dmitriy"]
[Result "0-1"]
[WhiteElo "2096"]
[BlackElo "2449"]
[PlyCount "62"]
[EventDate "2025.01.07"]
[EventType "swiss (blitz)"]
[EventRounds "11"]
[EventCountry "USA"]
[SourceTitle "CB03_2025"]
[SourceDate "2025.01.15"]
[SourceVersion "1"]
[SourceVersionDate "2025.01.15"]
[SourceQuality "1"]

1. c4 Nf6 2. g3 e6 3. Bg2 d5 4. d4 Bb4+ 5. Bd2 Bd6 6. c5 Be7 7. Nc3 Nc6 8. Nf3 Ne4 9. 0-0 f5 10. Rb1 a5 11. a3 Bf6 12. Be1 g5 13. e3 h5 14. b4 axb4 15. axb4 g4 16. Nxe4 dxe4 17. Nh4 Bxh4 18. gxh4 Qxh4 19. b5 Ne7 20. c6 bxc6 21. bxc6 Ba6 22. Bb4 Bxf1 23. Bxf1 Nd5 24. Be1 Kf7 25. Bc4 Kg6 26. Rb7 Qe7 27. Qb3 Ra1 28. Kf1 Qd6 29. Bxd5 exd5 30. Rb8 Qxh2 31. Ke2 Qh1 0-1

[Event "Titled Tuesday intern op 07th Jan Early"]
[Site "Chess.com INT"]
[Date "2025.01.07"]
[Round "6"]
[White "Kushko, Dmitriy"]
[Black "Kopczynski, Michal"]
[Result "0-1"]
[WhiteElo "2449"]
[BlackElo "2225"]
[PlyCount "70"]
[EventDate "2025.01.07"]
[EventType "swiss (blitz)"]
[EventRounds "11"]
[EventCountry "USA"]
[SourceTitle "CB03_2025"]
[SourceDate "2025.01.15"]
[SourceVersion "1"]
[SourceVersionDate "2025.01.15"]
[SourceQuality "1"]

1. d4 Nf6 2. c4 g6 3. Nc3 Bg7 4. e4 d6 5. Be2 0-0 6. h3 e5 7. d5 c5 8. g4 Na6 9. h4 Nc7 10. h5 a6 11. a4 Rb8 12. a5 b5 13. axb6 Rxb6 14. Bf3 Rb4 15. b3 Bd7 16. Be3 Qb8 17. Ra3 Qb7 18. g5 Nfe8 19. Nge2 f5 20. gxf6 Nxf6 21. hxg6 hxg6 22. Nc1 Qc8 23. Rg1 Kf7 24. Kd2 Rh8 25. Kc2 Rh2 26. Ra1 Qh8 27. Nd3 Rb8 28. Bxc5 dxc5 29. Nxe5+ Ke8 30. Nxg6 Rxf2+ 31. Kd3 Qh3 32. Ke3 Ng4+ 33. Rxg4 Bxg4 34. Kxf2 Bd4+ 35. Ke1 Bxc3+ 0-1

[Event "Titled Tuesday intern op 26th Nov Late"]
[Site "Chess.com INT"]
[Date "2024.11.26"]
[Round "3"]
[White "Andreikin, Dmitry"]
[Black "Kushko, Dmitriy"]
[Result "1/2-1/2"]
[WhiteElo "2695"]
[BlackElo "2449"]
[PlyCount "83"]
[EventDate "2024.11.26"]
[EventType "swiss (blitz)"]
[EventRounds "11"]
[EventCountry "USA"]
[SourceTitle "CB49_2024"]
[SourceDate "2024.12.04"]
[SourceVersion "1"]
[SourceVersionDate "2024.12.04"]
[SourceQuality "1"]

1. d4 Nf6 2. c4 g6 3. Nc3 d5 4. cxd5 Nxd5 5. e4 Nxc3 6. bxc3 Bg7 7. Be3 c5 8. Qd2 Qa5 9. Nf3 Nc6 10. Rb1 0-0 11. Rb5 cxd4 12. Rxa5 dxe3 13. Qxe3 Nxa5 14. Nd4 Bd7 15. Be2 Rfc8 16. 0-0 Rc7 17. h4 Rac8 18. Rc1 Nc4 19. Bxc4 Rxc4 20. e5 b5 21. a3 a5 22. Ne2 R4c5 23. f4 Bg4 24. g3 e6 25. Rb1 Bf8 26. Kh2 Bxe2 27. Qxe2 Rxc3 28. Kh3 Rxa3 29. Rxb5 Rcc3 30. Qe1 h5 31. Rb8 Kg7 32. Qf2 Bc5 33. Qg2 Rf3 34. Rb2 Rxf4 35. Ra2 Rfa4 36. Rxa3 Rxa3 37. Qf1 Bb4 38. Qf6+ Kg8 39. Qd8+ Kg7 40. Qf6+ Kg8 41. Qd8+ Kg7 42. Qf6+ 1/2-1/2

[Event "Titled Tuesday intern op 26th Nov Late"]
[Site "Chess.com INT"]
[Date "2024.11.26"]
[Round "7"]
[White "Kushko, Dmitriy"]
[Black "Bressy, Theo"]
[Result "1-0"]
[WhiteElo "2449"]
[BlackElo "2185"]
[PlyCount "45"]
[EventDate "2024.11.26"]
[EventType "swiss (blitz)"]
[EventRounds "11"]
[EventCountry "USA"]
[SourceTitle "CB49_2024"]
[SourceDate "2024.12.04"]
[SourceVersion "1"]
[SourceVersionDate "2024.12.04"]
[SourceQuality "1"]

1. e4 e6 2. d4 d5 3. e5 c5 4. c3 Nc6 5. Nf3 Bd7 6. Be2 Nge7 7. 0-0 Nf5 8. dxc5 Bxc5 9. b4 Bb6 10. Bd3 Nh4 11. Re1 Bc7 12. Nbd2 Ng6 13. Bxg6 hxg6 14. Nb3 Rh5 15. Bf4 b6 16. Qd2 Qe7 17. b5 Nd8 18. a4 Nb7 19. Rac1 Nc5 20. Nxc5 Qxc5 21. c4 dxc4 22. Re4 Qd5 23. Rd4 1-0

[Event "Titled Tuesday intern op 26th Nov Late"]
[Site "Chess.com INT"]
[Date "2024.11.26"]
[Round "10"]
[White "Kushko, Dmitriy"]
[Black "Toktomushev, Teimur"]
[Result "1-0"]
[WhiteElo "2449"]
[BlackElo "2247"]
[PlyCount "37"]
[EventDate "2024.11.26"]
[EventType "swiss (blitz)"]
[EventRounds "11"]
[EventCountry "USA"]
[SourceTitle "CB49_2024"]
[SourceDate "2024.12.04"]
[SourceVersion "1"]
[SourceVersionDate "2024.12.04"]
[SourceQuality "1"]

1. e4 c5 2. Nf3 e6 3. c4 Nc6 4. d4 cxd4 5. Nxd4 Bb4+ 6. Nc3 Nge7 7. Ndb5 0-0 8. a3 Bxc3+ 9. Nxc3 d6 10. Be2 e5 11. Be3 Be6 12. 0-0 Rc8 13. Nd5 f5 14. f3 Ng6 15. exf5 Bxf5 16. Qd2 Kh8 17. Rad1 Qd7 18. b4 a6 19. Nb6 1-0

[Event "Titled Tuesday intern op 26th Nov Late"]
[Site "Chess.com INT"]
[Date "2024.11.26"]
[Round "9"]
[White "Mahdavi, Reza"]
[Black "Kushko, Dmitriy"]
[Result "1-0"]
[WhiteElo "2394"]
[BlackElo "2449"]
[PlyCount "67"]
[EventDate "2024.11.26"]
[EventType "swiss (blitz)"]
[EventRounds "11"]
[EventCountry "USA"]
[SourceTitle "CB49_2024"]
[SourceDate "2024.12.04"]
[SourceVersion "1"]
[SourceVersionDate "2024.12.04"]
[SourceQuality "1"]

1. e4 c6 2. d4 d5 3. e5 Bf5 4. Bd3 Bxd3 5. Qxd3 e6 6. Ne2 c5 7. c3 Ne7 8. 0-0 Nec6 9. Nd2 Be7 10. Nf3 Nd7 11. b3 Rc8 12. Bb2 cxd4 13. cxd4 Nb4 14. Qd1 0-0 15. a3 Nc6 16. Qd3 Qb6 17. Rac1 Rc7 18. Rc2 Rfc8 19. Rfc1 Na5 20. Rxc7 Rxc7 21. Rb1 Qxb3 22. Qxb3 Nxb3 23. Bc3 Nxd4 24. Nfxd4 a6 25. f4 Bxa3 26. Ba5 b6 27. Bxb6 Nxb6 28. Rxb6 g5 29. Rxa6 Bb2 30. fxg5 Rc4 31. Nf3 Re4 32. Kf2 Bxe5 33. h4 Bc3 34. h5 1-0

[Event "Titled Tuesday intern op 26th Nov Late"]
[Site "Chess.com INT"]
[Date "2024.11.26"]
[Round "11"]
[White "Pham, Le Thao Nguyen"]
[Black "Kushko, Dmitriy"]
[Result "0-1"]
[WhiteElo "2384"]
[BlackElo "2449"]
[PlyCount "82"]
[EventDate "2024.11.26"]
[EventType "swiss (blitz)"]
[EventRounds "11"]
[EventCountry "USA"]
[SourceTitle "CB49_2024"]
[SourceDate "2024.12.04"]
[SourceVersion "1"]
[SourceVersionDate "2024.12.04"]
[SourceQuality "1"]

1. d4 Nf6 2. Nf3 g6 3. Bf4 Bg7 4. e3 0-0 5. Be2 d6 6. 0-0 Nc6 7. c4 e5 8. Bg5 h6 9. Bh4 g5 10. Bg3 Ne4 11. Nc3 Nxc3 12. bxc3 f5 13. h3 Qe7 14. Bh2 Kh8 15. Nd2 Bd7 16. Bd3 Rae8 17. Qh5 b6 18. d5 Na5 19. e4 f4 20. Qd1 Nb7 21. Be2 Rc8 22. Bg4 c6 23. Bxd7 Qxd7 24. Rc1 Na5 25. Kh1 Qb7 26. Qg4 Rc7 27. Qe6 Rd8 28. h4 Qc8 29. Qxc8 Rdxc8 30. g3 cxd5 31. exd5 Nxc4 32. Ne4 gxh4 33. gxf4 Rf8 34. fxe5 dxe5 35. d6 Rd7 36. Rcd1 Kh7 37. Rfe1 Kg6 38. Kg2 Kf5 39. f3 Ke6 40. Kf2 Nxd6 41. Nxd6 Rxd6 0-1

[Event "Titled Tuesday intern op 24th Sep Early"]
[Site "Chess.com INT"]
[Date "2024.09.24"]
[Round "2"]
[White "Kushko, Dmitriy"]
[Black "Ovetchkin, Roman"]
[Result "1-0"]
[WhiteElo "2444"]
[BlackElo "2507"]
[PlyCount "125"]
[EventDate "2024.09.24"]
[EventType "swiss (blitz)"]
[EventRounds "11"]
[EventCountry "USA"]
[SourceTitle "EXT 2025"]
[Source "ChessBase"]
[SourceDate "2024.10.14"]
[SourceVersion "1"]
[SourceVersionDate "2024.10.14"]
[SourceQuality "1"]

1. Nf3 d5 2. g3 Bg4 3. Bg2 Nd7 4. h3 Bxf3 5. Bxf3 c6 6. 0-0 e5 7. d3 Ngf6 8. Nc3 Bb4 9. a3 Bxc3 10. bxc3 0-0 11. a4 Re8 12. a5 h6 13. Be3 Qc7 14. Qb1 Nf8 15. Qb4 e4 16. Bg2 exd3 17. cxd3 Rxe3 18. fxe3 N8d7 19. Qf4 Qd8 20. g4 Nf8 21. Rfb1 Ne6 22. Qe5 Qd7 23. Rb4 Re8 24. Rab1 Nd8 25. Qd4 a6 26. e4 Qd6 27. exd5 cxd5 28. Kf1 Nc6 29. Qf4 Qe6 30. R4b2 Nxa5 31. Bf3 b5 32. Ra2 Nb7 33. Qd4 Qd6 34. Kg2 Nc5 35. Qb4 Qc7 36. h4 g5 37. hxg5 hxg5 38. Rh1 Kg7 39. Raa1 Ncd7 40. Rxa6 Ne5 41. Qd6 Qxd6 42. Rxd6 Nexg4 43. Bxg4 Nxg4 44. Rb1 Nf6 45. Kf2 Rh8 46. Rxb5 Rh2+ 47. Ke3 Ng4+ 48. Kd4 Rxe2 49. Rbxd5 f6 50. Rd8 Ne5 51. Kc5 g4 52. d4 Nd3+ 53. Kc4 Nb2+ 54. Kb3 g3 55. R5d7+ Kh6 56. Rg8 Nd1 57. Rxg3 Ne3 58. Re7 Rf2 59. Rexe3 f5 60. Ref3 Re2 61. Rxf5 Rd2 62. Rff3 Rd1 63. Kc4 1-0

[Event "Titled Tuesday intern op 24th Sep Late"]
[Site "Chess.com INT"]
[Date "2024.09.24"]
[Round "3"]
[White "Lenoir Ibacache, Gabriel Alberto"]
[Black "Kushko, Dmitriy"]
[Result "1-0"]
[WhiteElo "2228"]
[BlackElo "2444"]
[PlyCount "133"]
[EventDate "2024.09.24"]
[EventType "swiss (blitz)"]
[EventRounds "11"]
[EventCountry "USA"]
[SourceTitle "EXT 2025"]
[Source "ChessBase"]
[SourceDate "2024.10.14"]
[SourceVersion "1"]
[SourceVersionDate "2024.10.14"]
[SourceQuality "1"]

1. e4 c6 2. d4 d5 3. Nc3 dxe4 4. Nxe4 Nf6 5. Nxf6+ exf6 6. c3 Bd6 7. Bd3 0-0 8. Ne2 Re8 9. 0-0 Na6 10. Ng3 Nc7 11. Qh5 g6 12. Qh4 Be7 13. Qf4 f5 14. Qf3 Be6 15. Bh6 Bg5 16. Bxg5 Qxg5 17. Ne2 Nd5 18. Qg3 Qd2 19. Rfd1 Qxb2 20. Rab1 Qxa2 21. Rxb7 a5 22. h4 Qa3 23. h5 Qf8 24. c4 Nb4 25. Nf4 Nxd3 26. Rxd3 Bxc4 27. hxg6 Re1+ 28. Kh2 Qh6+ 29. Nh3 hxg6 30. Rf3 Qc1 31. Qc7 Rh1+ 32. Kg3 Qh6 33. Rb8+ Rxb8 34. Qxb8+ Qf8 35. Qe5 Rb1 36. Qxa5 Qb8+ 37. Qe5 Qxe5+ 38. dxe5 Re1 39. Rc3 Bd5 40. f4 Re2 41. Nf2 Kf8 42. Ra3 Ke7 43. Ra7+ Kf8 44. Ra3 Rb2 45. Rc3 Rb3 46. Rxb3 Bxb3 47. Nd3 Ke7 48. Nc5 Bd5 49. Kf2 Kd8 50. g3 Kc7 51. Ke3 Kb6 52. Kd4 Kc7 53. Kc3 Kd8 54. Kb4 Ke7 55. Nd3 Be4 56. Nc5 f6 57. exf6+ Kxf6 58. Kc4 Bd5+ 59. Kd4 g5 60. Nd3 Kg6 61. Ne5+ Kh5 62. Ke3 c5 63. Nd3 c4 64. Ne5 Kh6 65. Kd4 Be6 66. Nxc4 gxf4 67. gxf4 1-0